Phir hua youn (Record no. 70072)

000 -LEADER
fixed length control field 00407nam a22001577a 4500
003 - CONTROL NUMBER IDENTIFIER
control field NUST - PNEC
005 - DATE AND TIME OF LATEST TRANSACTION
control field 20170116181133.0
008 - FIXED-LENGTH DATA ELEMENTS--GENERAL INFORMATION
fixed length control field 151002b xxu||||| |||| 00| 0 eng d
040 ## - CATALOGING SOURCE
Transcribing agency LIBRARY
082 ## - DEWEY DECIMAL CLASSIFICATION NUMBER
Classification number 891.4391 AMJ
100 ## - MAIN ENTRY--PERSONAL NAME
9 (RLIN) 12196
Personal name Amjad, Amjad Islam
245 ## - TITLE STATEMENT
Title Phir hua youn
Statement of responsibility, etc. Amjad, Amjad Islam
260 ## - PUBLICATION, DISTRIBUTION, ETC.
Date of publication, distribution, etc. c.1995
650 ## - SUBJECT ADDED ENTRY--TOPICAL TERM
9 (RLIN) 12195
Topical term following geographic name entry element Urdu literature
General subdivision General books
942 ## - ADDED ENTRY ELEMENTS (KOHA)
Source of classification or shelving scheme
Koha item type Book
Holdings
Withdrawn status Lost status Source of classification or shelving scheme Damaged status Not for loan Permanent Location Current Location Shelving location Date acquired Total Checkouts Full call number Barcode Date last seen Price effective from Koha item type
          Pakistan Navy Engineering College (PNEC) Pakistan Navy Engineering College (PNEC)       891.4391 AMJ PNECLIB-026949 10/06/2015   Book
© 2023 Central Library, National University of Sciences and Technology. All Rights Reserved.